[Event "Buenos Aires Rubinstein Memorial 26th"]
[Site "Buenos Aires"]
[Date "2016.08.08"]
[Round "4"]
[White "Lucero, Sergio Anibal"]
[Black "Doval, Oscar"]
[Result "1-0"]
[WhiteElo "1592"]
[BlackElo "1673"]
[PlyCount "73"]
[EventDate "2016.08.06"]
[EventType "swiss"]
[EventRounds "8"]
[EventCountry "ARG"]
[SourceTitle "CBM 174 Extra"]
[Source "ChessBase"]
[SourceDate "2016.10.10"]
[SourceVersion "1"]
[SourceVersionDate "2016.10.10"]
[SourceQuality "1"]

1. e4 c5 2. c3 d5 3. e5 d4 4. cxd4 cxd4 5. Nf3 a6 6. Qa4+ Nc6 7. d3 e6 8. Be2 Bc5 9. 0-0 Nge7 10. a3 Qd5 11. b4 b5 12. Qc2 Bb6 13. Bf4 Ng6 14. Bg3 Bb7 15. Nbd2 Rc8 16. Qb2 h5 17. h3 h4 18. Bh2 0-0 19. Rac1 Ncxe5 20. Ne4 Nxf3+ 21. Bxf3 Qd7 22. Nc5 Bxc5 23. Bxb7 Qxb7 24. bxc5 e5 25. f4 Qd5 26. Qc2 f6 27. fxe5 fxe5 28. Rxf8+ Kxf8 29. c6 Ke7 30. c7 Kd7 31. Qf2 Rxc7 32. Qf5+ Kd8 33. Rxc7 Kxc7 34. Qxg6 a5 35. Qxg7+ Kd6 36. Qf6+ Qe6 37. Bxe5+ 1-0

[Event "Buenos Aires Rubinstein Memorial 26th"]
[Site "Buenos Aires"]
[Date "2016.08.06"]
[Round "1"]
[White "Fiori, Hector Dionisio"]
[Black "Doval, Oscar"]
[Result "1-0"]
[WhiteElo "2127"]
[BlackElo "1673"]
[PlyCount "127"]
[EventDate "2016.08.06"]
[EventType "swiss"]
[EventRounds "8"]
[EventCountry "ARG"]
[SourceTitle "CBM 174 Extra"]
[Source "ChessBase"]
[SourceDate "2016.10.10"]
[SourceVersion "1"]
[SourceVersionDate "2016.10.10"]
[SourceQuality "1"]

1. e4 Nc6 2. Nf3 d6 3. d4 Bg4 4. Bb5 a6 5. Bc4 Nf6 6. Nc3 e5 7. d5 Nd4 8. Be3 Nxf3+ 9. gxf3 Bh5 10. Be2 Bg6 11. Qd2 Qd7 12. h4 h6 13. 0-0-0 Be7 14. Bf1 Bh5 15. Bh3 Qd8 16. Qe2 b5 17. a3 Qb8 18. Bg4 b4 19. axb4 Qxb4 20. Bxh5 Nxh5 21. Qd3 Bf6 22. Ne2 Ke7 23. Qc3 Qb7 24. Ng3 Nf4 25. Nf5+ Kd7 26. Bxf4 exf4 27. Nd4 Rhb8 28. b3 a5 29. Qc6+ Qxc6 30. Nxc6 Rb6 31. h5 a4 32. bxa4 Rxa4 33. Kd2 Rb2 34. Rb1 Rba2 35. Rb3 R4a3 36. Rhb1 Rxb3 37. Rxb3 Ra1 38. Rb8 Rh1 39. Rf8 Rxh5 40. Rxf7+ Kc8 41. Rf8+ Kb7 42. Rb8+ Ka6 43. Nb4+ Ka5 44. c4 Rh2 45. Rb5+ Ka4 46. Nd3 Bd4 47. Ke2 h5 48. Rb4+ Ka5 49. Rb5+ Ka6 50. Nb4+ Ka7 51. Nc6+ Ka6 52. Nxd4 g5 53. Ne6 Rg2 54. Nxc7+ Ka7 55. Kf1 Rh2 56. Kg1 Rh3 57. Kg2 g4 58. Rb3 Rh4 59. Nb5+ Kb6 60. Nxd6+ Kc5 61. Nf5 gxf3+ 62. Rxf3 Rg4+ 63. Kf1 Kxc4 64. d6 1-0

[Event "Villa Martelli Rubinstein op"]
[Site "Villa Martelli"]
[Date "2009.08.10"]
[Round "6"]
[White "Doval, Oscar"]
[Black "Perez, Maximiliano"]
[Result "0-1"]
[WhiteElo "1829"]
[BlackElo "2120"]
[PlyCount "122"]
[EventDate "2009.08.04"]
[EventType "swiss"]
[EventRounds "7"]
[EventCountry "ARG"]
[SourceTitle "CBM 131 Extra"]
[Source "ChessBase"]
[SourceDate "2009.09.03"]
[SourceVersion "2"]
[SourceVersionDate "2009.09.16"]
[SourceQuality "1"]

1. e4 g6 2. d4 Bg7 3. c4 d6 4. Nc3 Nf6 5. Be2 0-0 6. g4 e5 7. d5 a5 8. g5 Ne8 9. Bg4 f5 10. gxf6 Nxf6 11. Bxc8 Qxc8 12. f3 Nh5 13. Be3 Nf4 14. Qd2 Nd7 15. 0-0-0 Nb6 16. c5 Nc4 17. Qf2 Bh6 18. Kb1 Nh3 19. Nxh3 Nxe3 20. Qh4 Nxd1 21. Qxh6 Nxc3+ 22. bxc3 Qd7 23. Ng5 Rf6 24. h4 Qg7 25. Qxg7+ Kxg7 26. cxd6 cxd6 27. Kc2 h6 28. Ne6+ Kh8 29. Rg1 Rc8 30. f4 exf4 31. Kd3 f3 32. Rf1 f2 33. Nd4 g5 34. hxg5 hxg5 35. Nf5 Rc7 36. Rxf2 Rh7 37. c4 b6 38. Rb2 Rb7 39. a4 Rg6 40. Rh2+ Rh7 41. Rb2 Rh3+ 42. Kd4 g4 43. Rg2 g3 44. Ke3 Rh1 45. Nxg3 Ra1 46. Rh2+ Kg8 47. Nf5 Rf6 48. Rb2 Rxa4 49. Kd4 Rb4 50. Rg2+ Kf8 51. Rh2 b5 52. Rh8+ Kf7 53. Rc8 Rxf5 54. exf5 Rxc4+ 55. Rxc4 bxc4 56. Kxc4 Kf6 57. Kb5 Kxf5 58. Kxa5 Ke5 59. Kb4 Kxd5 60. Kc3 Ke4 61. Kd2 Kd4 0-1

[Event "Villa Martelli Pro Am op 15th"]
[Site "Villa Martelli"]
[Date "2008.10.18"]
[Round "9.22"]
[White "Madeira, Wagner Martins"]
[Black "Doval, Oscar"]
[Result "1-0"]
[WhiteElo "2230"]
[BlackElo "1835"]
[PlyCount "79"]
[EventDate "2008.10.10"]
[EventType "swiss"]
[EventRounds "9"]
[EventCountry "ARG"]
[SourceTitle "EXT 2019"]
[Source "ChessBase"]
[SourceDate "2018.10.10"]
[SourceVersion "1"]
[SourceVersionDate "2018.10.10"]
[SourceQuality "1"]

1. e4 Nc6 2. Nf3 e5 3. d4 exd4 4. Nxd4 Bc5 5. Be3 Bxd4 6. Bxd4 Nxd4 7. Qxd4 Qf6 8. e5 Qb6 9. Qxb6 axb6 10. Nc3 Ra5 11. f4 f6 12. b4 Ra8 13. Nd5 Kd8 14. Bc4 fxe5 15. fxe5 Ne7 16. 0-0 Nxd5 17. Bxd5 c6 18. Bb3 Re8 19. Rae1 b5 20. Rf7 Re7 21. Rxe7 Kxe7 22. Rf1 d5 23. exd6+ Kxd6 24. Rf7 Be6 25. Rxg7 Bxb3 26. axb3 Ra2 27. Rxh7 Rxc2 28. Rf7 Re2 29. g3 Re4 30. Rf4 Re3 31. Kg2 Rxb3 32. h4 Re3 33. h5 Re5 34. h6 Re7 35. g4 Rh7 36. g5 Ke7 37. Kg3 b6 38. Kg4 c5 39. Rf6 Rh8 40. Rxb6 1-0

[Event "Villa Martelli Rubinstein Memorial"]
[Site "Villa Martelli"]
[Date "2008.07.29"]
[Round "1.8"]
[White "Doval, Oscar"]
[Black "Goiriz, Yahari Damian"]
[Result "0-1"]
[WhiteElo "1854"]
[BlackElo "2086"]
[PlyCount "48"]
[EventDate "2008.07.29"]
[EventType "swiss"]
[EventRounds "9"]
[EventCountry "ARG"]
[SourceTitle "EXT 2024"]
[Source "ChessBase"]
[SourceDate "2023.10.10"]
[SourceVersion "1"]
[SourceVersionDate "2023.10.10"]
[SourceQuality "1"]

1. e4 c5 2. Nf3 d6 3. d4 cxd4 4. Nxd4 Nf6 5. Nc3 a6 6. Bg5 Nbd7 7. Qd2 b5 8. a3 Bb7 9. Bd3 e6 10. h4 Be7 11. Be3 Rc8 12. f3 0-0 13. 0-0-0 d5 14. exd5 Nxd5 15. Nxd5 Bxd5 16. Kb1 Nc5 17. c3 Na4 18. Bc2 Nxb2 19. Kxb2 Bxa3+ 20. Kb1 Qa5 21. Qd3 g6 22. Nb3 Bxb3 23. Bxb3 Rxc3 24. Bb6 Qb4 0-1

[Event "Villa Martelli Pro Am op 14th"]
[Site "Villa Martelli"]
[Date "2007.10.10"]
[Round "1"]
[White "Garcia, Cristian"]
[Black "Doval, Oscar"]
[Result "0-1"]
[WhiteElo "1910"]
[BlackElo "1850"]
[PlyCount "72"]
[EventDate "2007.10.18"]
[EventType "swiss"]
[EventRounds "9"]
[EventCountry "ARG"]
[SourceTitle "EXT 2008"]
[Source "ChessBase"]
[SourceDate "2007.11.25"]
[SourceVersion "1"]
[SourceVersionDate "2007.11.25"]
[SourceQuality "1"]

1. d4 Nf6 2. c4 g6 3. Nc3 Bg7 4. Nf3 0-0 5. Bg5 h6 6. Bd2 d6 7. e3 Bg4 8. h3 Bxf3 9. Qxf3 c6 10. Na4 d5 11. Bb4 Na6 12. Bc3 dxc4 13. Rd1 e6 14. Nc5 Nxc5 15. dxc5 Qe7 16. Bb4 Rfd8 17. Bxc4 Rxd1+ 18. Qxd1 Rd8 19. Qc2 b5 20. Be2 Nd5 21. Ba5 Rd7 22. 0-0 Be5 23. f4 Nxe3 24. Qe4 Nxf1 25. Qxe5 Ng3 26. Bf3 f6 27. Qe1 Nf5 28. b4 Nd4 29. Be4 f5 30. Bb1 Rd5 31. Bd3 e5 32. Qg3 Kg7 33. Qe3 e4 34. Bb1 Ne6 35. g4 Qf6 36. Kh2 Qb2+ 0-1

[Event "Vicente Lopez IRT op"]
[Site "Vicente Lopez"]
[Date "2004.07.10"]
[Round "2"]
[White "Radoszta, Armando Esteban"]
[Black "Doval, Oscar"]
[Result "1-0"]
[WhiteElo "2086"]
[BlackElo "2097"]
[PlyCount "63"]
[EventDate "2004.07.09"]
[EventType "swiss"]
[EventRounds "10"]
[EventCountry "ARG"]
[SourceTitle "EXT 2005"]
[Source "ChessBase"]
[SourceDate "2004.11.15"]
[SourceVersion "1"]
[SourceVersionDate "2004.11.15"]
[SourceQuality "1"]

1. e4 Nc6 2. Nf3 e5 3. Nc3 d6 4. Bb5 g6 5. d4 exd4 6. Qxd4 Qf6 7. Nd5 Qxd4 8. Nxd4 Kd7 9. Nb4 Nge7 10. Bg5 Bg7 11. 0-0-0 f6 12. Bh4 a6 13. Nbxc6 axb5 14. Nxe7 Kxe7 15. Nxb5 Kd8 16. Kb1 Bd7 17. Nc3 Re8 18. f3 g5 19. Bf2 h5 20. Bd4 c5 21. Bf2 Kc7 22. Bg3 Bf8 23. Nd5+ Kc6 24. Nxf6 Be6 25. Nxe8 Bxa2+ 26. Kc1 Rxe8 27. b3 h4 28. Bf2 Bg7 29. Rd5 c4 30. Bd4 Bxd4 31. Rxd4 cxb3 32. Kb2 1-0

[Event "Vicente Lopez IRT op"]
[Site "Vicente Lopez"]
[Date "2003.08.01"]
[Round "8.13"]
[White "Sosa, Ruben"]
[Black "Doval, Oscar"]
[Result "1-0"]
[WhiteElo "2125"]
[BlackElo "2097"]
[PlyCount "53"]
[EventDate "2003.07.25"]
[EventType "swiss"]
[EventRounds "10"]
[EventCountry "ARG"]
[SourceTitle "CBM 095 Extra"]
[Source "ChessBase"]
[SourceDate "2003.09.04"]
[SourceVersion "1"]
[SourceVersionDate "2003.09.04"]
[SourceQuality "1"]

1. e4 Nc6 2. f4 Nf6 3. Nc3 d5 4. exd5 Nxd5 5. d4 g6 6. Bc4 Be6 7. Nf3 Nxc3 8. Qd3 Bxc4 9. Qxc4 Nd5 10. 0-0 Bg7 11. f5 0-0 12. c3 Qd6 13. b3 e5 14. a4 Rfd8 15. Ng5 exd4 16. fxg6 Qxg6 17. Nxf7 Ne5 18. Nxe5 Bxe5 19. cxd4 Qe4 20. dxe5 Qxe5 21. Ra2 Re8 22. Bf4 Qe6 23. Raf2 Nxf4 24. Qxf4 Re7 25. Rf3 Rae8 26. Rg3+ Kh8 27. Qf8+ 1-0

[Event "Vicente Lopez IRT op"]
[Site "Vicente Lopez"]
[Date "2003.07.28"]
[Round "4.13"]
[White "Fresneda, Federico"]
[Black "Doval, Oscar"]
[Result "1-0"]
[WhiteElo "2047"]
[BlackElo "2097"]
[PlyCount "51"]
[EventDate "2003.07.25"]
[EventType "swiss"]
[EventRounds "10"]
[EventCountry "ARG"]
[SourceTitle "CBM 095 Extra"]
[Source "ChessBase"]
[SourceDate "2003.09.04"]
[SourceVersion "1"]
[SourceVersionDate "2003.09.04"]
[SourceQuality "1"]

1. e4 Nc6 2. d4 e5 3. c3 exd4 4. cxd4 Bb4+ 5. Nc3 d5 6. e5 Nge7 7. a3 Ba5 8. Nf3 Bg4 9. Be2 Bb6 10. Be3 0-0 11. 0-0 f6 12. exf6 Rxf6 13. Na4 Nf5 14. Bg5 Bxf3 15. Bxf3 Bxd4 16. Bxf6 gxf6 17. Nc3 Nce7 18. Bxd5+ Nxd5 19. Qg4+ Kh8 20. Qxf5 Nxc3 21. bxc3 Bxc3 22. Rad1 Qg8 23. Rd7 Rb8 24. Rc1 Re8 25. g3 Bb2 26. Rcxc7 1-0

[Event "Vicente Lopez IRT op"]
[Site "Vicente Lopez"]
[Date "2003.07.27"]
[Round "3.13"]
[White "Iermito, Sebastian"]
[Black "Doval, Oscar"]
[Result "1-0"]
[WhiteElo "2000"]
[BlackElo "2097"]
[PlyCount "99"]
[EventDate "2003.07.25"]
[EventType "swiss"]
[EventRounds "10"]
[EventCountry "ARG"]
[SourceTitle "CBM 095 Extra"]
[Source "ChessBase"]
[SourceDate "2003.09.04"]
[SourceVersion "1"]
[SourceVersionDate "2003.09.04"]
[SourceQuality "1"]

1. e4 Nc6 2. Nf3 d6 3. d4 g6 4. c3 Nf6 5. Be2 Nxe4 6. d5 Nxf2 7. Kxf2 Nb8 8. Qd4 Rg8 9. Re1 e5 10. dxe6 fxe6 11. Bc4 Bg7 12. Qe4 Be5 13. Bg5 Qd7 14. Nxe5 dxe5 15. Qxe5 Nc6 16. Qxe6+ Qxe6 17. Bxe6 Rf8+ 18. Kg1 Bxe6 19. Rxe6+ Kd7 20. Re1 Rf5 21. Be3 Ne5 22. Na3 Kc6 23. Nc2 Rh5 24. Nb4+ Kb5 25. Rad1 c6 26. Bf4 a5 27. Rxe5+ Rxe5 28. Bxe5 axb4 29. cxb4 Re8 30. Bc3 Re7 31. Re1 Rf7 32. b3 Rd7 33. a4+ Ka6 34. Re3 Rd5 35. Kf2 Rh5 36. h3 Rf5+ 37. Rf3 Rd5 38. Ke3 Rg5 39. g4 Rd5 40. Rf7 h5 41. Rf6 hxg4 42. hxg4 Rg5 43. Kf4 Rd5 44. Rxg6 Rd3 45. Be5 Rxb3 46. Bd6 Rc3 47. Rg8 b6 48. g5 c5 49. bxc5 bxc5 50. g6 1-0

[Event "Olivos Rubinstein Memorial"]
[Site "Olivos"]
[Date "2002.07.26"]
[Round "8"]
[White "Doval, Oscar"]
[Black "Villegas, Alicia"]
[Result "0-1"]
[WhiteElo "2097"]
[BlackElo "2118"]
[PlyCount "140"]
[EventDate "2002.07.18"]
[EventType "swiss"]
[EventRounds "9"]
[EventCountry "ARG"]
[SourceTitle "CBM 089 Extra"]
[Source "ChessBase"]
[SourceDate "2002.09.10"]
[SourceVersion "2"]
[SourceVersionDate "2002.09.10"]
[SourceQuality "1"]

1. d4 d5 2. c4 e6 3. Nc3 Be7 4. b3 Nf6 5. Bg5 h6 6. Bxf6 Bxf6 7. f4 dxc4 8. Nf3 c5 9. e3 cxd4 10. exd4 cxb3 11. Bb5+ Bd7 12. Qxb3 0-0 13. 0-0 Nc6 14. Rad1 a6 15. Be2 b5 16. d5 Na5 17. Qb4 Qb6+ 18. Kh1 Rac8 19. Ne5 Bxe5 20. fxe5 Nc4 21. Bxc4 Rxc4 22. Qe7 Rxc3 23. Qxd7 Rc7 24. Qd6 Qxd6 25. exd6 Rd7 26. dxe6 fxe6 27. Rfe1 Rf6 28. Kg1 Kf7 29. a4 Rf5 30. axb5 axb5 31. Rf1 Rxf1+ 32. Kxf1 e5 33. Rd5 Ke6 34. Rxb5 Rxd6 35. Ke2 Kf5 36. Rb7 g5 37. Ke3 Ra6 38. Rb3 Ra2 39. Kf3 g4+ 40. Kg3 h5 41. h4 Rd2 42. Ra3 Ke4 43. Ra8 Rd3+ 44. Kf2 g3+ 45. Ke2 Re3+ 46. Kd2 Rb3 47. Ra4+ Kf5 48. Kc2 Re3 49. Kd2 Re4 50. Ra8 Rxh4 51. Ke3 Rb4 52. Rf8+ Ke6 53. Re8+ Kd6 54. Rd8+ Ke7 55. Rh8 h4 56. Rh7+ Ke6 57. Rh6+ Kf5 58. Rh5+ Kf6 59. Rh8 Ra4 60. Kf3 Rf4+ 61. Ke3 Ke6 62. Re8+ Kd6 63. Rd8+ Ke7 64. Rh8 Kf6 65. Rh5 Ra4 66. Rh8 Ra3+ 67. Ke2 Kg5 68. Rg8+ Kf4 69. Rf8+ Ke4 70. Rf7 Ra2+ 0-1

[Event "Olivos Rubinstein Memorial"]
[Site "Olivos"]
[Date "2002.07.24"]
[Round "6"]
[White "Doval, Oscar"]
[Black "Fernandez Arrue, Ruben"]
[Result "0-1"]
[WhiteElo "2097"]
[BlackElo "2178"]
[PlyCount "70"]
[EventDate "2002.07.18"]
[EventType "swiss"]
[EventRounds "9"]
[EventCountry "ARG"]
[SourceTitle "CBM 089 Extra"]
[Source "ChessBase"]
[SourceDate "2002.09.10"]
[SourceVersion "2"]
[SourceVersionDate "2002.09.10"]
[SourceQuality "1"]

1. d4 Nf6 2. c4 e6 3. Nc3 d5 4. Bg5 Be7 5. e3 0-0 6. Bxf6 Bxf6 7. f4 b6 8. Nf3 Bb7 9. cxd5 exd5 10. Bd3 Re8 11. Kf2 Nd7 12. h4 Nf8 13. g4 Qe7 14. Qd2 g6 15. g5 Bg7 16. h5 c5 17. f5 gxf5 18. Bxf5 Rad8 19. Rag1 cxd4 20. exd4 Bc8 21. Bxc8 Rxc8 22. Nxd5 Qd6 23. Nf6+ Bxf6 24. gxf6+ Kh8 25. Rg8+ Kxg8 26. Qg5+ Ng6 27. hxg6 fxg6 28. f7+ Kxf7 29. Rxh7+ Kg8 30. Rh6 Rc2+ 31. Kf1 Kg7 32. Rh4 Rh8 33. Rxh8 Kxh8 34. Qh6+ Kg8 35. Ne5 Qf6+ 0-1

[Event "Florida"]
[Site "Florida"]
[Date "2001.??.??"]
[Round "2"]
[White "Doval, Oscar"]
[Black "Zuriel, Marisa"]
[Result "0-1"]
[WhiteElo "2046"]
[BlackElo "2141"]
[PlyCount "78"]
[EventDate "2001.??.??"]
[EventType "tourn"]
[EventRounds "11"]
[EventCountry "ARG"]
[SourceTitle "EXT 2002"]
[Source "ChessBase"]
[SourceDate "2001.11.25"]
[SourceVersion "1"]
[SourceVersionDate "2001.11.25"]
[SourceQuality "1"]

1. d4 Nf6 2. c4 g6 3. Nc3 Bg7 4. e4 d6 5. Nf3 0-0 6. Be2 e5 7. 0-0 exd4 8. Nxd4 Re8 9. f3 Nbd7 10. Be3 c6 11. Qd2 a5 12. Rfd1 Ne5 13. Rac1 a4 14. h3 Qe7 15. b4 axb3 16. axb3 Ned7 17. b4 Ne5 18. f4 Ned7 19. Bf3 Ra3 20. Nde2 Bf8 21. g4 Nxe4 22. Nxe4 d5 23. Bc5 Nxc5 24. Nxc5 Rxf3 25. Kg2 Re3 26. Ng1 b6 27. Nd3 Qe4+ 28. Kf1 dxc4 29. Nf2 Qxf4 30. Rc3 Re1+ 31. Qxe1 Rxe1+ 32. Rxe1 Be6 33. Rf3 Qd4 34. Rd1 Qe5 35. Re1 Qb5 36. Ne2 Bxb4 37. Nd4 Qd5 38. Rd1 Bd7 39. Nf5 Qxf3 0-1

[Event "Villa Martelli CAVM-ch"]
[Site "Villa Martelli"]
[Date "2000.08.04"]
[Round "7.4"]
[White "Zuriel, Marisa"]
[Black "Doval, Oscar"]
[Result "0-1"]
[WhiteElo "2089"]
[BlackElo "2046"]
[PlyCount "74"]
[EventDate "2000.07.14"]
[EventType "swiss"]
[EventRounds "9"]
[EventCountry "ARG"]
[SourceTitle "EXT 2001"]
[Source "ChessBase"]
[SourceDate "2000.11.22"]
[SourceVersion "1"]
[SourceVersionDate "2000.11.22"]
[SourceQuality "1"]

1. e4 c5 2. Nf3 a6 3. c4 d6 4. d4 cxd4 5. Nxd4 g6 6. Nc3 Bg7 7. Be3 Nf6 8. Be2 Nc6 9. 0-0 0-0 10. Qd2 Qc7 11. Rac1 Qa5 12. f3 Nxd4 13. Bxd4 Be6 14. Rfd1 Rfe8 15. a3 Nd7 16. Bxg7 Kxg7 17. f4 Qc5+ 18. Kh1 f6 19. b4 Qf2 20. Rf1 Qb6 21. f5 Bf7 22. c5 Qc7 23. cxd6 Qxd6 24. Qxd6 exd6 25. Rfd1 gxf5 26. Rxd6 Re7 27. Rcd1 Ne5 28. exf5 Rae8 29. Kg1 Bb3 30. R1d2 Bc4 31. Bh5 Nf7 32. Bxf7 Re1+ 33. Kf2 Rf1+ 34. Kg3 Re3+ 35. Kg4 Bxf7 36. R2d3 h5+ 37. Kh4 Rf4+ 0-1

[Event "Villa Martelli CAVM-ch"]
[Site "Villa Martelli"]
[Date "2000.07.14"]
[Round "1.4"]
[White "Doval, Oscar"]
[Black "Benedetto, Abel"]
[Result "1-0"]
[WhiteElo "2046"]
[BlackElo "2175"]
[PlyCount "139"]
[EventDate "2000.07.14"]
[EventType "swiss"]
[EventRounds "9"]
[EventCountry "ARG"]
[SourceTitle "EXT 2001"]
[Source "ChessBase"]
[SourceDate "2000.11.22"]
[SourceVersion "1"]
[SourceVersionDate "2000.11.22"]
[SourceQuality "1"]

1. e4 c6 2. d4 d5 3. exd5 cxd5 4. Bd3 Nc6 5. Nf3 Bg4 6. c3 e6 7. h3 Bh5 8. 0-0 Bd6 9. Re1 Qc7 10. a4 Nf6 11. Na3 a6 12. Nc2 0-0 13. Bg5 Rab8 14. Qe2 Bg6 15. Bxg6 hxg6 16. Bxf6 gxf6 17. Ne3 Kg7 18. g3 b5 19. Kg2 Na5 20. Nd2 bxa4 21. Ra2 a3 22. b4 Nb7 23. Rxa3 a5 24. Rb1 axb4 25. cxb4 Nd8 26. Rab3 Nc6 27. Nf3 Rxb4 28. Rxb4 Nxb4 29. Qd2 Nc6 30. Ng4 Rh8 31. Rc1 Qd7 32. Qc3 Ne7 33. Qa5 Nf5 34. Qa6 Rb8 35. Rc6 Rb3 36. Rc8 Qb7 37. Qxb7 Rxb7 38. Rc3 Rb4 39. Rd3 Bc7 40. Ne3 Nxe3+ 41. fxe3 Rb2+ 42. Rd2 Rb3 43. Re2 Kf8 44. Rc2 Bd6 45. Kf2 Ke7 46. Ng1 Kd7 47. Ne2 e5 48. Kf3 Ke6 49. Kf2 Ra3 50. Rb2 Ra4 51. Rc2 Rb4 52. Kf3 Kd7 53. Kf2 Bc7 54. Rd2 Ke6 55. Rd3 Bb6 56. Rd2 Rc4 57. Rb2 Bc7 58. h4 Kd6 59. Ra2 Bb6 60. Rd2 Kc6 61. g4 Kd6 62. Rb2 Kc6 63. Rd2 Bd8 64. Rd1 Kd6 65. Kf3 Ba5 66. Ra1 Bb6 67. Rb1 Bc7 68. h5 gxh5 69. gxh5 Bd8 70. Rb8 1-0